| 000 | 00503nam a2200169Ia 4500 | ||
|---|---|---|---|
| 999 |
_c36867 _d36867 |
||
| 003 | OSt | ||
| 005 | 20210125100540.0 | ||
| 008 | 190216s9999||||xx |||||||||||||| ||und|| | ||
| 040 | _coclc | ||
| 082 |
_a001.076 _bJAI/T |
||
| 100 |
_aJain _98403 |
||
| 245 | 0 |
_aTrained Graduate Teacher Recruitment Test Mathematics / _cJain ; Srivastava |
|
| 260 |
_bUpakar Prakashan, _c2008. _aAgra: |
||
| 300 | _a396p | ||
| 650 | _aReferences | ||
| 942 |
_cREF _2ddc _h001.076 _iJAI/T _k001.076 _mJAI/T |
||